00611nam a22001817a 450000500170000001000150001702000260003203500140005803700130007208200110008510000180009624500750011426000450018927001200023430000210035470000270037570000270040220231013152543.0 aENG-138064 a9789355324641c599.00 aEN-121596 bDBAD/PUB a658.87 aLevy, Micheal aRetailing Management/c By Michael Levy, Barton Weitz and Dhruv Grewal aTamilnadu bMcGraw Hill Education c2023 aAnjana Complex No. 5/90 A, butt road st thomas Chennai- 600016,, , bTamil Naduminfo.india@mheducation.come600016 a582p.c28cm(pbk) aWeitz, Barton eAuthor a Grewal, DhruveAuthor